| 000 | 00000cas 2200000za 4500 |
| 001 | 9.506768 |
| 003 | CaOODSP |
| 005 | 20260128152029 |
| 007 | cr ||||||||||| |
| 008 | 150406c20049999oncar p o f0 a0eng|d |
| 022 | |a1927-5870 |
| 040 | |aCaOODSP|beng |
| 043 | |an-cn--- |
| 086 | 1 |aSO1E-PDF |
| 110 | 1 |aCanada. |bGovernor General. |bOffice of the Secretary. |
| 222 | 0|aAnnual report |b(Canada. Governor General. Office of the Secretary) |
| 245 | 10|aAnnual report |h[electronic resource] / |cOffice of the Secretary to the Governor General of Canada. |
| 260 | |a[Ottawa] : |bGovernor General of Canada, |c[2004]- |
| 310 | |aAnnual |
| 362 | 0 |a2003/2004- |
| 500 | |aIssued also in French under title: Rapport annuel / Bureau du secrétaire du gouverneur général du Canada. |
| 520 | 3 |aDescribes the key activities of the Office, along with the costs to deliver its programs. |
| 692 | 07|2gccst|aGovernor General |
| 775 | 08|tRapport annuel |w(CaOODSP)9.503163 |
| 776 | 0#|tAnnual report ..., Office of the Secretary to the Governor General of Canada |w(CaOODSP)9.512406 |
| 776 | 0#|tAnnual report / |w(CaOODSP)9.865354 |